Operations management

Operations Management features the latest concepts and applications while not losing focus on the core concepts that has made this text a market leader. This approachable text supports students in applying concepts and methods by providing solved problems, examples, questions, practice problems, and...

詳細記述

保存先:
書誌詳細
第一著者: Stevenson, William J.
フォーマット: 図書
言語:Undetermined
出版事項: New York McGraw-Hill 2009
主題:
タグ: タグ追加
タグなし, このレコードへの初めてのタグを付けませんか!
Thư viện lưu trữ: Trung tâm Học liệu Trường Đại học Cần Thơ
LEADER 00951nam a2200193Ia 4500
001 CTU_213318
008 210402s9999 xx 000 0 und d
082 |a 658.5 
082 |b S847/10th 
100 |a Stevenson, William J. 
245 0 |a Operations management 
245 0 |c William J. Stevenson 
260 |a New York 
260 |b McGraw-Hill 
260 |c 2009 
520 |a Operations Management features the latest concepts and applications while not losing focus on the core concepts that has made this text a market leader. This approachable text supports students in applying concepts and methods by providing solved problems, examples, questions, practice problems, and cases. Students learn by doing, and the Ninth Edition continues to offer more support for 'doing Operations' than any other 
650 |a Production management,Quản lý sản xuất 
904 |i Nguyên 
980 |a Trung tâm Học liệu Trường Đại học Cần Thơ